000 01515nam a2200385 c 4500
999 _c73609
_d73609
003 BLK
005 20250708143456.0
008 180408b bul|||||r ||||||| ||bul||
010 _aKNG00078004000
020 _a954-527-313-5
020 _a9789545273131
040 _aBLK
041 _aBUL
_cBUL
080 _aЕстонска литература
_b821.511.113
_x-93-32
_z821.511.113-93-32
100 1 _aРауд, Ено
_eпърви автор
_9115364
139 _aРауд, Ено
_bР 38
245 1 0 _aМаншон, Полуобувка и Мъхеста брада
_bПриказна повест
_cЕно Рауд; прев. от ест. Дора Стоянова Янева-Медникарова.
250 _a4. изд.
257 _aEST
260 _bДамян Яков
_c2006
_fВ. Търново : Абагар
300 _a224 с.
_bс ил.
_c22 см
380 _aDX
500 _aОриг. загл. Maksitrallid / Eno Raud. - 1. изд. 1980 на изд. Отечество в Библ. Вълшебници
653 _aприказки
653 _aлитература за деца
653 _aдетска литература
700 1 _aЯнева-Медникарова, Дора Стоянова
_eпрев. от ест.
_9365173
852 _aЦб 235861
856 4 _qpdf
856 4 _qpdf
942 _cKNG
_n0
_099
_s1
944 _aCR
_c30.08.2007
_k30551
_lБояна Костадинова
944 _aED
_c25.09.2017
_kКети_Илиева
999 _d73609